<?xml version="1.0" encoding="UTF-8"?>
<marc:record xmlns:marc="http://www.loc.gov/MARC21/slim">
   <marc:leader>00000nam a2200000 a 4500</marc:leader>
   <marc:datafield ind1="1" ind2=" " tag="100">
      <marc:subfield code="a">Schiffer, Eckhard</marc:subfield>
      <marc:subfield code="4">aut</marc:subfield>
      <marc:subfield code="e">Verfasser/-in</marc:subfield>
   </marc:datafield>
   <marc:datafield ind1="1" ind2=" " tag="100">
      <marc:subfield code="a">Schiffer, Heidrun</marc:subfield>
   </marc:datafield>
   <marc:datafield ind1=" " ind2=" " tag="653">
      <marc:subfield code="a">Intuition / Soziale Kompetenz</marc:subfield>
   </marc:datafield>
   <marc:datafield ind1=" " ind2=" " tag="653">
      <marc:subfield code="a">Soziale Kompetenz</marc:subfield>
   </marc:datafield>
   <marc:datafield ind1=" " ind2=" " tag="653">
      <marc:subfield code="a">Intuition</marc:subfield>
   </marc:datafield>
   <marc:datafield ind1="0" ind2="0" tag="245">
      <marc:subfield code="a">Warum Tausendfüßler keine Vorschriften brauchen</marc:subfield>
   </marc:datafield>
   <marc:datafield ind1="0" ind2="0" tag="245">
      <marc:subfield code="b">Intuition.  Wege aus einer normierten Lebenswelt</marc:subfield>
   </marc:datafield>
   <marc:datafield ind1="0" ind2="0" tag="245">
      <marc:subfield code="c">Eckhard Schiffer ; Heidrun Schiffer</marc:subfield>
   </marc:datafield>
   <marc:datafield ind1=" " ind2="1" tag="264">
      <marc:subfield code="a">Weinheim</marc:subfield>
      <marc:subfield code="b">Beltz</marc:subfield>
      <marc:subfield code="c">2008</marc:subfield>
   </marc:datafield>
   <marc:datafield ind1="1" ind2=" " tag="490">
      <marc:subfield code="a">Beltz Taschenbuch</marc:subfield>
      <marc:subfield code="v">857</marc:subfield>
   </marc:datafield>
   <marc:datafield ind1="1" ind2=" " tag="520">
      <marc:subfield code="a">Umgeben von Standards, Normen und Kontrolle verlieren die "Augenblicke des Verstehens" immer mehr an Bedeutung. Was zwischen den Menschen stattfindet, ob zwischen Lehrer und Schüler oder Arzt und Patient, gerät aus dem Blick, weil nur noch "Effizienz" und das Befolgen von Regeln und Anweisungen zählen sollen. Dabei wird das Ziel, den anderen wirklich zu erreichen, oft verfehlt - mit allen negativen Konsequenzen.#An vielen Beispielen erläutert der Autor, dass dies nicht so sein muss, wenn wir unserem intuitiven Wissen wieder genügend Gehör verschaffen. Voraussetzung für diese Fähigkeit ist jedoch, sie bereits bei unseren Kindern zu wecken und zu fördern.</marc:subfield>
   </marc:datafield>
   <marc:datafield ind1=" " ind2=" " tag="020">
      <marc:subfield code="a">9783407858573</marc:subfield>
      <marc:subfield code="9">9783407858573</marc:subfield>
   </marc:datafield>
   <marc:datafield ind1=" " ind2=" " tag="300">
      <marc:subfield code="a">157 S.</marc:subfield>
   </marc:datafield>
</marc:record>
